| 000 | 00668nam a22002537i 4500 | ||
|---|---|---|---|
| 001 | IT\ICCU\RMS\2100967 | ||
| 003 | ItRI | ||
| 005 | 20220208130853.0 | ||
| 008 | 081128s2006 it |||||| ||||| |||||c | ||
| 020 | _a8845247546 | ||
| 040 | _cIUNIR | ||
| 041 | 7 |
_aita _2ISO-639-2 |
|
| 080 | _a811.131.1 PAL | ||
| 100 | 1 |
_aPallotti, Giuseppe _0IT\ICCU\CUBV\103863 _4aut |
|
| 245 | 1 | 3 |
_aLa seconda lingua / _cGabriele Pallotti. |
| 250 | _a4. ed | ||
| 260 |
_aMilano : _bBompiani, _c2006 |
||
| 300 |
_a380 p. ; _c19 cm. |
||
| 650 | _aItaliano | ||
| 830 | 0 |
_aStrumenti Bompiani _0IT\ICCU\CFI\0029951 |
|
| 982 | 1 |
_6z01 _an |
|
| 942 |
_2cdu _cBK |
||
| 981 | 1 |
_6z01 _ai _bxxxe |
|
| 999 |
_c5337 _d5337 |
||